000
00326nam a22001457a 4500
020
_a
9780071286459
082
_a
621.4021
100
_a
White, Frank M.
245
_a
Fluid Mechanics
250
_a
6th ed.
260
_a
New Delhi :
_b
McGraw Hill,
_c
2008.
300
_a
864 p. ;
_b
23 cm.
500
_a
Paperback.
942
_c
BK
999
_c
34016
_d
34016